LIBRARY & INFORMATION CENTRE, KCAET, TAVANUR

ONLINE PUBLIC ACCESS CATALOGUE (OPAC)

Introductory Nanobiotechnology (Record no. 15457)

MARC details
000 -LEADER
fixed length control field 00307nam a22001217a 4500
020 ## - INTERNATIONAL STANDARD BOOK NUMBER
ISBN 9788173817861
082 ## - DEWEY DECIMAL CLASSIFICATION NUMBER
Classification number 660.6
Item number SHR/IN
100 ## - MAIN ENTRY--AUTHOR NAME
Personal name Shrivastava , S
245 ## - TITLE STATEMENT
Title Introductory Nanobiotechnology
260 ## - PUBLICATION, DISTRIBUTION, ETC. (IMPRINT)
Place of publication London ;
Name of publisher New central book agency ltd ,
Year of publication 2013 .
300 ## - PHYSICAL DESCRIPTION
Number of Pages 255 p.
942 ## - ADDED ENTRY ELEMENTS (KOHA)
Koha item type Books
Holdings
Withdrawn status Lost status Damaged status Home library Current library Date acquired Cost, normal purchase price Full call number Accession Number Koha item type
      KAUAET KAUAET 21/06/2018 235.00 660.6 SHR/IN 24337 Books
free website counter